Dosificación de hormigones
Enregistré dans:
| Collectivité auteur: | |
|---|---|
| Format: | Livre |
| Langue: | espagnol |
| Publié: |
Madrid
Consejo Superior de Investigaciones Científicas
1977
|
| Édition: | 5a. ed |
| Collection: | Manuales y normas
|
| Sujets: | |
| Tags: |
Ajouter un tag
Pas de tags, Soyez le premier à ajouter un tag!
|
MARC
| LEADER | 00000nam a2200000 a 4500 | ||
|---|---|---|---|
| 001 | UCU7337 | ||
| 003 | CL-VaPUC | ||
| 008 | 960628e19770000SP |||||||||||||||||spa|d | ||
| 082 | 0 | 4 | |a 624.183 |b INS |2 21 |
| 110 | 2 | |a Instituto Eduardo Torroja de la Construcción y del Cemento |e author |9 366127 | |
| 245 | 1 | 0 | |a Dosificación de hormigones |
| 250 | |a 5a. ed | ||
| 300 | |a 189 p | ||
| 942 | |c BK | ||
| 945 | |d 19960628 00:00:00 |a paguirre | ||
| 260 | |a Madrid |b Consejo Superior de Investigaciones Científicas |c 1977 | ||
| 650 | 0 | |a Hormigones |9 262546 | |
| 650 | 0 | |a Construcción |9 260195 | |
| 650 | 0 | |a Elementos estructurales |9 350100 | |
| 650 | 0 | |a Propiedades mecánicas |9 262507 | |
| 650 | 7 | |a HORMIGON ARMADO |2 CL-VaPUC |9 366128 | |
| 583 | |a last modification |c 19960628 00:00:00 |k Rodrigo Vera | ||
| 490 | 0 | |a Manuales y normas | |
| 999 | |c 249999 |d 249997 | ||